00473nam a2200157Ia 4500100002700000942000700027366000700034654001400041245002600055260003400081082001500115300000800130546001200138999001700150952014800167 aBhattacharyya/Basudeb  cBK f20 amechanics aEngineering Mechanics bOxford Higher Educationc2008 a620.1bBHA a832 aENGLISH c19016d19016 001040708CRCaCRCEbCRCEd2023-03-17eDharma Enterprisesg280.00i298 dt 28/04/2009l0o620.1 BHAp19655r2023-03-17v350.00w0000-00-00yBK